00489nam a2200181Ia 4500003000900000008004100009040001300050040001300063041000800076100002200084245006000106250000900166260002700175260000900202300001000211490000600221600008000227IT-RoPAU120407s9999 xx 000 0 und d aIT-RoPAU cIT-RoPAU aita aVittorio Marcozzi aAntropologia psicologica. 4a ed. ampliata e aggiornata. aRoma aPont. Univ. Gregoriana c1978 c24 cm v1 a"1° v. Prima parte 348 p. 2° v. Psicologia dell’età evolutiva 134 p."